Charakterizácia a využitie lignocelulózových materiálov pre biodegradovateľné biokompozity

Salvato in:
Dettagli Bibliografici
Autore principale: Drdajová, Lívia (Autore)
Altri autori: Šutý, Štefan (Relatore della tesi)
Natura: Manoscritto Libro
Lingua:slovacco
Pubblicazione: 2019
Soggetti:
Accesso online:http://is.stuba.sk/zp/portal_zp.pl?podrobnosti=143002
Tags: Aggiungi Tag
Nessun Tag, puoi essere il primo ad aggiungerne!!

MARC

LEADER 00000ntm a22000003a 4500
001 stuzp74473
003 SK-STU
005 20190601211351.7
007 ta
008 150427s2015----xo-----f-mn---000-0-slo-d
040 |a STU  |b slo 
041 0 |a slo 
100 1 |a Drdajová, Lívia  |u 049380  |k Z4  |4 aut  |U FCHPT Ústav prírodných a syntetických polymérov  |T FCHPT Oddelenie dreva, celulózy a papiera  |X 64970  |U C9380  |Y 129  |7 64970 
242 0 1 |a Characterization and utilitation of lignocellulosic materials for biodegradable biocomposites  |y eng 
245 1 0 |a Charakterizácia a využitie lignocelulózových materiálov pre biodegradovateľné biokompozity 
260 |c 2019 
650 4 |a biodegradovateľné biokompozity  |2 slo 
650 4 |a lignocelulózové materiály  |2 slo 
650 4 |a ryžové šupky  |2 slo 
650 4 |a chemická modifikácia  |2 slo 
650 4 |a biodegradable biocomposites  |2 eng 
650 4 |a lignocellulosic materials  |2 eng 
650 4 |a rice husks  |2 eng 
650 4 |a chemical modification  |2 eng 
700 1 |a Šutý, Štefan  |u 049380  |k Z1  |4 ths  |U FCHPT Ústav prírodných a syntetických polymérov  |T FCHPT Oddelenie dreva, celulózy a papiera  |X 3920  |U C9380  |Y 129  |7 A000003920 
856 4 |u http://is.stuba.sk/zp/portal_zp.pl?podrobnosti=143002